| 000 | 00452nam a2200157Ia 4500 | ||
|---|---|---|---|
| 008 | 160316s1992 xxu||||| |||| 00| 0 eng d | ||
| 082 |
_a374.013000 _bDIR |
||
| 100 | _a | ||
| 245 | _aDirectory of technical and further education 1992 | ||
| 250 | _a | ||
| 260 |
_aLondon _bLongman Publishers _c1992 |
||
| 300 |
_a415p _b _clii |
||
| 365 | _bRs. | ||
| 650 | _a1. Directory - Technical Education - U K 2. Directory - Higher Education - U K | ||
| 700 |
_a _a |
||
| 999 |
_c7874 _d7874 |
||